|
|
|
|
| LEADER |
01692cam a2200481 a 4500 |
| 001 |
nkc20112171670 |
| 003 |
CZ PrNK |
| 005 |
20160815235027.0 |
| 007 |
ta |
| 008 |
110215s2010 xr e 000 0 cze d |
| 015 |
|
|
|a cnb002171670
|
| 020 |
|
|
|a 978-80-87259-07-8
|q (brož.)
|
| 035 |
|
|
|a (OCoLC)730407655
|
| 040 |
|
|
|a KLG001
|b cze
|d BOA001
|
| 041 |
1 |
|
|a cze
|h eng
|
| 072 |
|
7 |
|a 7.01/.09
|x Umění
|2 Konspekt
|9 21
|
| 080 |
|
|
|a 78
|2 MRF
|
| 080 |
|
|
|a 72/76
|2 MRF
|
| 080 |
|
|
|a (049)
|2 MRF
|
| 080 |
|
|
|a (082)
|2 MRF
|
| 100 |
1 |
|
|a Cage, John,
|d 1912-1992
|7 jn19990001290
|4 aut
|
| 245 |
1 |
0 |
|a Silence :
|b přednášky a texty /
|c John Cage ; [z anglického originálu ... přeložili Jaroslav Šťastný, Radoslav Tejkal a Matěj Kratochvíl]
|
| 250 |
|
|
|a Vyd. 1.
|
| 260 |
|
|
|a Praha :
|b Tranzit,
|c 2010
|
| 300 |
|
|
|a xii, 279 s. ;
|c 21 cm
|
| 490 |
1 |
|
|a Navigace ;
|v sv. 6
|
| 650 |
0 |
7 |
|a hudba
|7 ph114719
|2 czenas
|
| 650 |
0 |
7 |
|a umění
|7 ph116538
|2 czenas
|
| 650 |
0 |
9 |
|a music
|2 eczenas
|
| 650 |
0 |
9 |
|a art
|2 eczenas
|
| 655 |
|
7 |
|a pojednání
|7 fd133056
|2 czenas
|
| 655 |
|
7 |
|a sborníky
|7 fd163935
|2 czenas
|
| 655 |
|
9 |
|a essays
|2 eczenas
|
| 655 |
|
9 |
|a collections of works
|2 eczenas
|
| 765 |
0 |
|
|t Silence
|9 Česky
|
| 830 |
|
0 |
|a Navigace
|0 s
|
| 856 |
4 |
1 |
|u http://www.digitalniknihovna.cz/mzk/uuid/uuid:b1663650-3df0-11e6-a5c5-005056827e51
|y Digitalizovaný dokument
|x NDK
|
| 910 |
2 |
|
|a BOA001
|b 2-1265.397
|
| 990 |
|
|
|a BK
|
| 995 |
|
|
|a 01
|
| 991 |
|
|
|b 201105
|c NOV
|j 78 CAG
|e n
|
| 996 |
7 |
|
|b 2610476273
|c 2-1265.397
|l Vol.výběr
|r VV 1p
|n 37
|p p.v.
|h 78 CAG
|w 001176171
|u 000020
|a 0
|e BOA001
|j MZK50
|s A
|
| 996 |
6 |
|
|b 2610476274
|c 2-1265.397
|l MZK
|r Sklad / do 1 hodiny
|n 19
|p p.v.
|w 001176171
|u 000010
|a 1
|e BOA001
|j MZK50
|s P
|